| 000 | 00501nam a22001817a 4500 | ||
|---|---|---|---|
| 003 | CEME | ||
| 005 | 20210628202935.0 | ||
| 008 | 210126b xxu||||| |||| 00| 0 eng d | ||
| 020 | _a3-540-24267-8 | ||
| 040 | _c. | ||
| 082 | _a621.89 NAN | ||
| 100 |
_aBhushan, Bharat _962442 |
||
| 245 | _aNanotribology and nanomehanics an inrtroduction | ||
| 260 |
_aNEW YORK _bSPRINGER _c2005 |
||
| 300 | _aXIX,1148 P | ||
| 650 |
_aTRIBOLOGY- CONGRESSES, NANOTECHONOLOGY- CONGRESSES. _962443 |
||
| 942 |
_cBK _2ddc |
||
| 999 |
_c571548 _d571548 |
||